000 00976nam a2200229 a 4500
001 36779
003 BD-RjUL
005 20211209052535.0
008 160323s1970 ii ||||e |||||00| 0 ben d
020 _cIRs.12.00
035 _a(BD-RjUL)36881
040 _aBD-RjUL
_bben
_cBD-RjUL
041 _aben
082 _a891.4409
_bCHB 1970
_223
100 _aচৌধুরী, ভূদেব
_9112197
245 1 0 _aবাংলা সাহিত্যে রবীন্দ্রযুগের ইতিকথা /
_cভূদেব চৌধুরী |
260 _aকলিকাতা :
_bইন্ডিয়ান অ্যাসোসিয়েটেড পাবলিশিং কোং,
_c১৯৭০
300 _avi, [৬],৩৩৮ পৃ. ;
_c২২ সেমি.
650 _aবাংলা সাহিত্য
_vইতিহাস ও সমালোচনা
_978921
650 _aBengali Literature
_vHistory and Criticism.
_9112198
942 _2ddc
_cBK
999 _c36779
_d36779